Normal view
MARC view
Entry Personal Name
001 - CONTROL NUMBER
- control field: 47568
003 - CONTROL NUMBER IDENTIFIER
- control field: ARRUPE
005 - DATE AND TIME OF LATEST TRANSACTION
- control field: 20190724152514.0
008 - FIXED-LENGTH DATA ELEMENTS
- fixed length control field: 190724|| aca||aabn | a|a d
040 ## - CATALOGING SOURCE
- Original cataloging agency: ARRUPE
- Transcribing agency: ARRUPE
100 ## - HEADING--PERSONAL NAME
- Personal name: Caplow, Theodore.
670 ## - SOURCE DATA FOUND
- Source citation: Work cat.: (ARRUPE)53517: Caplow, Theodore., The sociology of work., [1954]